| 000 -LEADER | |
|---|---|
| fixed length control field | 00402nam a22001697a 4500 |
| 005 - DATE AND TIME OF LATEST TRANSACTION | |
| control field | 20160528110339.0 |
| 008 - FIXED-LENGTH DATA ELEMENTS--GENERAL INFORMATION | |
| fixed length control field | 160528b xxu||||| |||| 00| 0 eng d |
| 020 ## - INTERNATIONAL STANDARD BOOK NUMBER | |
| ISBN | 023-063-729-9 |
| 041 ## - LANGUAGE CODE | |
| Language code of text/sound track or separate title | eng |
| 082 ## - DEWEY DECIMAL CLASSIFICATION NUMBER | |
| Item number | 5708 |
| 100 ## - MAIN ENTRY--AUTHOR NAME | |
| Personal name | Ramaswamg, V.S. & Namakumari. S. |
| 245 ## - TITLE STATEMENT | |
| Title | Marketing Management |
| 260 ## - PUBLICATION, DISTRIBUTION, ETC. (IMPRINT) | |
| Name of publisher | Mac Millan Press |
| 300 ## - PHYSICAL DESCRIPTION | |
| Number of Pages | 831 |
| 650 ## - SUBJECT ADDED ENTRY--TOPICAL TERM | |
| Topical Term | Management |
| 942 ## - ADDED ENTRY ELEMENTS (KOHA) | |
| Koha item type | Books |
| Lost status | Damaged status | Collection code | Home library | Current library | Shelving location | Date acquired | Cost, normal purchase price | Full call number | Accession Number | Koha item type |
|---|---|---|---|---|---|---|---|---|---|---|
| MANAGEMENT | JRU Library | JRU Library | SHELF - 69 J | 28/05/2016 | 545.00 | 658.8 | 5708 | Books | ||
| MANAGEMENT | JRU Library | JRU Library | SHELF - 69 J | 28/05/2016 | 545.00 | 658.8 | 5709 | Books | ||
| MANAGEMENT | JRU Library | JRU Library | SHELF - 69 J | 28/05/2016 | 545.00 | 658.8 | 5710 | Books | ||
| MANAGEMENT | JRU Library | JRU Library | SHELF - 69 J | 28/05/2016 | 545.00 | 658.8 | 5711 | Books | ||
| MANAGEMENT | JRU Library | JRU Library | SHELF - 69 J | 28/05/2016 | 545.00 | 658.8 | 5712 | Books | ||
| MANAGEMENT | JRU Library | JRU Library | SHELF - 69 J | 28/05/2016 | 545.00 | 658.8 | 5713 | Books | ||
| MANAGEMENT | JRU Library | JRU Library | SHELF - 69 J | 28/05/2016 | 545.00 | 658.8 | 5714 | Books | ||
| MANAGEMENT | JRU Library | JRU Library | SHELF - 69 J | 28/05/2016 | 545.00 | 658.8 | 5715 | Books | ||
| JRU Library | SHELF - 69 J | 28/05/2016 | 545.00 | 658.8 | 5716 | Books |